Państwa wymienione w "Europapa" - Statystyki

Ogólne statystyki
  • Ten quiz został rozwiązany 73 razy
    43 od ostatniego zresetowania
  • Średni wynik to 5 z 6
Statystyki odpowiedzi
Państwo % Poprawnych
Niemcy
100%
Polska
100%
Holandia
93%
Francja
90%
Włochy
75%
Austria
55%
Nie znaleziono quizów pasujących do podanych kryteriów
Rozkład punktacji
Procent ludzi z każdym wynikiem
Percentyl według liczby udzielonych odpowiedzi
Twoja historia wyników
Nie rozwiązałeś tego quizu od ostatniego zresetowania